000
00272nam a2200097Ia 4500
001
653731
005
20250826154504.0
008
250824s9999 xx 000 0 und d
245
0
_a
KÜÇÜK KORSAN HAZİNE PEŞİNDE
_c
CHRİSTİNE NÖSTLİNGER
260
_b
GÜNIŞIĞI YAYINLARI
999
_c
653731
_d
653731